ARRUPE JESUIT UNIVERSITY

CORONAVIRUS -STOP THE SPREAD - CLEAN,DISINFECT,COVER

The cross and the prodigal (Record no. 4220)

MARC details
000 -LEADER
fixed length control field 00548nam a2200205Ia 4500
003 - CONTROL NUMBER IDENTIFIER
control field 0100
008 - FIXED-LENGTH DATA ELEMENTS--GENERAL INFORMATION
fixed length control field 130227s9999 xx 000 0 und d
040 ## - CATALOGING SOURCE
Transcribing agency ARRUPELIB
050 ## - LIBRARY OF CONGRESS CALL NUMBER
Classification number BS2595.3.B27 1973
100 ## - MAIN ENTRY--PERSONAL NAME
Personal name Bailey, Kenneth E.
245 #4 - TITLE STATEMENT
Title The cross and the prodigal
245 ## - TITLE STATEMENT
Remainder of title the 15th chapter of Luke, seen through the eyes of middle estern peasants
260 ## - PUBLICATION, DISTRIBUTION, ETC. (IMPRINT)
Place of publication, distribution, etc St. Louis, Missouri
260 ## - PUBLICATION, DISTRIBUTION, ETC. (IMPRINT)
Name of publisher, distributor, etc Concordia Publishing House
260 ## - PUBLICATION, DISTRIBUTION, ETC. (IMPRINT)
-- 1973
300 ## - PHYSICAL DESCRIPTION
Extent 133p.
300 ## - PHYSICAL DESCRIPTION
Other physical details 24cm.
650 ## - SUBJECT ADDED ENTRY--TOPICAL TERM
Topical term following geographic name as entry element Cribbage
942 ## - ADDED ENTRY ELEMENTS (KOHA)
Source of classification or shelving scheme Library of Congress Classification
Koha issues (borrowed), all copies 1
Holdings
Withdrawn status Lost status Source of classification or shelving scheme Damaged status Not for loan Collection code Home library Current library Shelving location Date acquired Total Checkouts Full call number Barcode Date last seen Date last borrowed Copy number Price effective from Koha item type
    Library of Congress Classification     Main Collection ARRUPE LIBRARY ARRUPE LIBRARY   27/02/2013 1 BS2595.3.B27 1973 46404476 01/08/2016 14/02/2014 1 27/02/2013 Monograph ( Printed materials)

 

Arrupe Library. PO Box MP320 Mt Pleasant, Harare, Zimbabwe
263 242 745411|librarian@aju.ac.zw